| 000 | 01465cam a22004694a 4500 | ||
|---|---|---|---|
| 001 | 58055549 | ||
| 003 | PILC | ||
| 005 | 20150112093443.0 | ||
| 006 | m m | ||
| 008 | 050223s2006 ohua b 001 0 eng | ||
| 010 | _a2004097990 | ||
| 020 | _a0324655513 | ||
| 020 | _a9780324289169 (pkg.) | ||
| 020 | _a0324289170 (bk. only) | ||
| 020 | _a9780324289176 (bk. only) | ||
| 020 | _a0324323735 (ISE pkg.) | ||
| 020 | _a9780324323733 (ISE pkg.) | ||
| 020 | _a0324315996 (ISE only) | ||
| 020 | _a9780324315998 (ISE only) | ||
| 020 | _a0324235968 (Thomson One Access Card) | ||
| 020 | _a9780324235968 (Thomson One Access Card) | ||
| 020 | _a0072982411 (CDROM) | ||
| 020 | _a978007298241 (CDROM) | ||
| 035 | _a(OCoLC)58055549 | ||
| 040 |
_aDLC _cDLC _dBAKER _dMUQ _dBTCTA _dYDXCP _dIG# _dHNK |
||
| 042 | _apcc | ||
| 049 | _aHNKA | ||
| 050 | 0 | 0 |
_aHG 4521 _b.M473 2008 |
| 082 | 0 | 0 |
_aR 332.67 _bM45 2008 |
| 100 | 1 |
_aMayo, Herbert B. _920966 |
|
| 245 | 1 | 0 |
_aInvestments : _ban introduction / _cHerbert B. Mayo. |
| 250 | _a9th ed. | ||
| 260 |
_aMason, Ohio : _bThomson/South-Western, _c2008. |
||
| 300 |
_a837, [37] pages : _billustration ; _c28 cm. _e1 CD-ROM (4 3/4 in.) |
||
| 500 | _a"With Investment Analysis Calculator CD." | ||
| 504 | _aIncludes bibliographical references and index. | ||
| 650 | 0 |
_aInvestments. _99769 |
|
| 650 | 0 |
_aInvestment analysis. _99770 |
|
| 910 | _aycf | ||
| 942 |
_2lcc _cBK |
||
| 948 | _a.b1150965x | ||
| 999 |
_c14825 _d14825 |
||